000 00567 a2200181 4500
999 _c7503
_d7503
010 _aENG-88013
020 _a8186321810
_c100.00
035 _aEN-71546
037 _bDBAD / PUB
082 1 4 _a540
100 1 _aMehta, Ved Prakash
245 1 _aPolytechnic chemistry :
_bfor engineering diploma students /
_cby Ved Prakash Mehta
250 _a8th rev. ed.
260 _aNew Delhi
_bJain Borthers
_c2007
270 _a16/873, East Park Road, Karol Bagh
_bNew Delhi
_e110 005
300 _a528 p.
_c22 cm (Pbk)
942 _adpl
_cEN
_2ddc
_h540 / MEH